| 000 | 00404nam a2200109Ia 4500 | ||
|---|---|---|---|
| 008 | 171204s9999 xx 000 0 und d | ||
| 245 | _aChina Low-Carbon Healthy City, Technology Assessment and Practice: | ||
| 245 | _cJun Wang, Kun Gao, Mingquan Wang, Song Li, and Weiguang Huang | ||
| 260 | _c2016 | ||
| 650 | _xTransportation Operation Management | ||
| 856 | _uhttp://down.ebook777.com/050/3662490692.pdf | ||
| 999 |
_c346734 _d346734 |
||